书目信息 |
| 题名: |
中国古代游记
|
|
| 作者: | 朱耀廷 主编 ;巩滨 编著 | |
| 分册: | ||
| 出版信息: | 北京 北京大学出版社 2007.09 |
|
| 页数: | 252页 | |
| 开本: | 23cm | |
| 丛书名: | 文物鉴赏与中外旅游系列教材 | |
| 单 册: | ||
| 中图分类: | I262 | |
| 科图分类: | ||
| 主题词: | 游记--you ji--中国--古代--作品集 | |
| 电子资源: | ||
| ISBN: | 978-7-301-12119-1 | |
| 000 | 01061nam 2200289 450 | |
| 001 | 012007033375 | |
| 005 | 20071130092755.56 | |
| 010 | @a978-7-301-12119-1@dCNY25.00 | |
| 100 | @a20071118d2007 km y0chiy0120 ea | |
| 101 | 0 | @achi |
| 102 | @aCN@b110000 | |
| 105 | @ay a 000yy | |
| 106 | @ar | |
| 200 | 1 | @a中国古代游记@Azhong guo gu dai you ji@f朱耀廷主编@Fzhu yao ting zhu bian@g巩滨编著@Ggong bin bian zhu |
| 210 | @a北京@c北京大学出版社@d2007.09 | |
| 215 | @a252页@d23cm | |
| 225 | 2 | @a文物鉴赏与中外旅游系列教材@Awen wu jian shang yu zhong wai lu you xi lie jiao cai |
| 300 | @a北京市属市管高校人才强教计划资助项目 | |
| 320 | @a有书目 (第251-252页)。 | |
| 330 | @a本书各章分节选编了山水、田园、边塞、怀古咏史等诗、词曲、联、歌和游记散文、小赋、书札、日记、序等游记文学作品。 | |
| 410 | 0 | @12001 @a文物鉴赏与中外旅游系列教材 |
| 606 | 0 | @a游记@Ayou ji@y中国@z古代@j作品集 |
| 690 | @aI262@v4 | |
| 701 | 0 | @a朱耀廷@Azhu yao ting@4主编 |
| 702 | 0 | @a巩滨@Agong bin@4编著 |
| 801 | 0 | @aCN@bQSSK@c20071130 |
| 905 | @b269180-82@dI262@eZ896@f3 | |
| 中国古代游记/朱耀廷主编/巩滨编著.-北京:北京大学出版社,2007.09 |
| 252页;23cm.-(文物鉴赏与中外旅游系列教材) |
| 北京市属市管高校人才强教计划资助项目 |
| ISBN 978-7-301-12119-1:CNY25.00 |
| 本书各章分节选编了山水、田园、边塞、怀古咏史等诗、词曲、联、歌和游记散文、小赋、书札、日记、序等游记文学作品。 |
| ● |
| 相关链接 |
|
|
|
正题名:中国古代游记
索取号:I262/Z896
 
预约/预借
| 序号 | 登录号 | 条形码 | 馆藏地/架位号 | 状态 | 备注 |
| 1 | 269180 | 202691809 | 文学库116/116文学库 1排2列3层/ [索取号:I262/Z896] | 在馆 | |
| 2 | 269181 | 202691818 | 文学库116/116文学库 1排2列3层/ [索取号:I262/Z896] | 在馆 | |
| 3 | 269182 | 202691827 | 文学库116/116文学库 1排2列3层/ [索取号:I262/Z896] | 在馆 |